| 000 | 00711nas a2200241 4500 | ||
|---|---|---|---|
| 001 | BR9800713 | ||
| 003 | BR-BrBNA | ||
| 005 | 20231205100727.0 | ||
| 007 | ta | ||
| 008 | 230509b bl.|||p| |||| 00| 00por d | ||
| 040 |
_aBR-BrBNA _bpor _cBiblioteca Nacional de Agricultura |
||
| 041 | _a(Pt) | ||
| 072 | _aP32 | ||
| 100 | 1 | _aHorbe, A.M.C. | |
| 100 | 1 | _aCosta, M.L. da | |
| 245 | 1 | _aSolos gerados a partir do intemperismo de crostas lateriticas silico-ferruginosas | |
| 650 | _aPerfil do Solo | ||
| 650 | _aArgila | ||
| 650 | _aPara | ||
| 773 | 0 |
_tActa Amazonica (Brazil) _xISSN 0044-5967 _g(Dec 1997), v. 27(4) p. 241-256 _wBR9800713 |
|
| 909 |
_a202311 _bLúcia _c55 _dLúcia Elande |
||
| 942 |
_2AGRIS _n0 _cANA |
||
| 999 |
_c157708 _d157708 |
||